[Event "VI Open Internacional Memorial Pedro Lez"]
[Site "Ateneo Municipal de Vecindario"]
[Date "2013.03.28"]
[Round "5"]
[White "De La Cruz Sanchez, Carlos G"]
[Black "Galvan Sarmiento, Jose Luis"]
[Result "1-0"]
[WhiteElo "2242"]
[BlackElo "1928"]
[PlyCount "135"]
[EventDate "2013.03.25"]
[EventRounds "9"]
[EventCountry "ESP"]

1. d4 e6 2. c4 d5 3. Nc3 Nf6 4. cxd5 exd5 5. Bg5 Be7 6. e3 c6 7. Bd3 Nbd7 8.
Nge2 O-O 9. Qc2 h6 10. Bh4 Re8 11. f3 Nf8 12. Bf2 Ne6 13. O-O Bd7 14. Kh1 Rc8
15. Rad1 c5 16. Bf5 b5 17. dxc5 Bxc5 18. Qb3 Nc7 19. Bxd7 Qxd7 20. Nd4 Bxd4 21.
Rxd4 Qc6 22. Rfd1 a6 23. Ne2 Ne6 24. R4d2 Qc4 25. h3 Nc5 26. Qa3 Qa4 27. Qxa4
Nxa4 28. g4 g5 29. h4 b4 30. Nd4 Kh7 31. Kg2 Kg6 32. Nf5 Rc6 33. hxg5 hxg5 34.
Rh1 Ng8 35. Rh8 Rce6 36. Rd1 Nxb2 37. Rdh1 f6 38. R8h7 R6e7 39. Nxe7+ Rxe7 40.
Rxe7 Nxe7 41. Rb1 Nd3 42. Rb3 Nxf2 43. Kxf2 a5 44. a3 Nc6 45. axb4 axb4 46. Rd3
Kf7 47. Rxd5 Ke6 48. Rb5 Kd6 49. Ke2 Ke6 50. Kd3 Kd6 51. Ke4 Ke6 52. Rb7 Kd6
53. Kf5 Kc5 54. Kxf6 Na5 55. Rd7 Nc4 56. e4 b3 57. Rd1 Kb4 58. e5 b2 59. e6 Kc3
60. e7 Nd6 61. Ke6 Ne8 62. Kf7 Nd6+ 63. Kf8 Kc2 64. Re1 b1=Q 65. Rxb1 Kxb1 66.
e8=Q Nxe8 67. Kxe8 Kc2 68. Kf7 1-0

[Event "VI Open Internacional Memorial Pedro Lez"]
[Site "Ateneo Municipal de Vecindario"]
[Date "2013.03.28"]
[Round "5"]
[White "Aguilera Suarez, Antonio"]
[Black "Rodriguez Ferraz, Borja"]
[Result "0-1"]
[WhiteElo "1842"]
[BlackElo "2196"]
[PlyCount "112"]
[EventDate "2013.03.25"]
[EventRounds "9"]
[EventCountry "ESP"]

1. e4 e5 2. Nf3 Nc6 3. d4 exd4 4. Nxd4 Nf6 5. Nxc6 bxc6 6. e5 Qe7 7. Qe2 Nd5 8.
c4 Ba6 9. b3 g5 10. Bb2 Bg7 11. Nd2 Nf4 12. Qe4 Ng6 13. Nf3 Qb4+ 14. Kd1 Qe7
15. Bd3 O-O-O 16. Kc2 Bb7 17. Qf5 h6 18. Rhe1 Kb8 19. g3 Rhe8 20. Re3 c5 21.
Rae1 Nf8 22. Nd2 Ne6 23. f4 gxf4 24. gxf4 Qh4 25. Be4 Qxf4 26. Qxf4 Nxf4 27.
Bxb7 Kxb7 28. Rf1 Ng6 29. Rxf7 Bxe5 30. Bxe5 Nxe5 31. Rh7 Re6 32. Nf3 Nxf3 33.
Rxf3 Re2+ 34. Kc3 Rxh2 35. Rf6 Rg8 36. Rxd7 Rgg2 37. Rff7 Rg3+ 38. Rd3 Rxd3+
39. Kxd3 Rxa2 40. Rf5 Rg2 41. Rh5 Rg3+ 42. Kc2 Rg6 43. Kb2 Rc6 44. Ka3 Kc8 45.
Ka4 Kd7 46. Kb5 a6+ 47. Ka5 Ke7 48. Rd5 Kf6 49. b4 cxb4 50. Kxb4 Kg6 51. c5 h5
52. Kc4 h4 53. Rd3 Rf6 54. Kd5 Kg5 55. Ra3 Rh6 56. c6 h3 0-1

[Event "VI Open Internacional Memorial Pedro Lez"]
[Site "Ateneo Municipal de Vecindario"]
[Date "2013.03.28"]
[Round "5"]
[White "Cruz Gomez, Isidro"]
[Black "Vega Gutierrez, Belinda"]
[Result "0-1"]
[WhiteElo "2025"]
[BlackElo "2190"]
[PlyCount "128"]
[EventDate "2013.03.25"]
[EventRounds "9"]
[EventCountry "ESP"]

1. d4 Nf6 2. c4 e6 3. Nf3 d5 4. Nc3 Be7 5. Bg5 h6 6. Bh4 O-O 7. e3 b6 8. Be2
Bb7 9. Bxf6 Bxf6 10. cxd5 exd5 11. b4 c6 12. Qb3 a5 13. bxa5 Rxa5 14. O-O Nd7
15. Rab1 Qe7 16. a4 Rfa8 17. Bd3 Ba6 18. Ne1 Qd6 19. Bxa6 R5xa6 20. Nd3 Bd8 21.
Nb4 Ra5 22. e4 dxe4 23. Nxe4 Qg6 24. Rfe1 Rxa4 25. Qc2 c5 26. dxc5 Nxc5 27.
Nxc5 Qxc2 28. Nxc2 bxc5 29. Re8+ Kh7 30. Rd1 Bf6 31. Rxa8 Rxa8 32. Rd5 c4 33.
Kf1 Ra2 34. Ne3 c3 35. Rc5 Bd4 36. Rc4 Bxe3 37. fxe3 c2 38. Ke1 c1=Q+ 39. Rxc1
Rxg2 40. Rc7 f6 41. h4 Rg4 42. Kf2 Rxh4 43. Kg3 Re4 44. Kf3 Re5 45. Kf4 h5 46.
e4 Kh6 47. Rc8 g5+ 48. Kf3 Ra5 49. Rc6 Kg6 50. Rd6 Kf7 51. Rb6 Ra3+ 52. Kf2 h4
53. Rc6 g4 54. Rc7+ Ke6 55. Rh7 Rh3 56. Rh5 g3+ 57. Kg2 Rh2+ 58. Kg1 Kf7 59.
Rh8 Kg7 60. Rh5 Kg6 61. Rh8 Kg5 62. Rg8+ Kh5 63. Rf8 Rf2 64. Re8 h3 0-1

[Event "VI Open Internacional Memorial Pedro Lez"]
[Site "Ateneo Municipal de Vecindario"]
[Date "2013.03.28"]
[Round "5"]
[White "Ramirez Medina, Victor"]
[Black "Illijin, Neboisa"]
[Result "0-1"]
[WhiteElo "1930"]
[BlackElo "2167"]
[PlyCount "128"]
[EventDate "2013.03.25"]
[EventRounds "9"]
[EventCountry "ESP"]

1. e4 c5 2. Nf3 e6 3. d4 cxd4 4. Nxd4 Nf6 5. Nc3 d6 6. Be2 Be7 7. O-O Nc6 8.
Be3 Bd7 9. f4 Nxd4 10. Qxd4 Bc6 11. Bf3 O-O 12. Rad1 Qa5 13. Kh1 e5 14. Qd2 Qc7
15. Qf2 b6 16. f5 h6 17. g4 Qb7 18. Qg2 Nh7 19. Nd5 Bxd5 20. Rxd5 Rac8 21. c3
Rfd8 22. Rfd1 Qa6 23. a3 Qa4 24. Qf1 Nf6 25. R5d3 d5 26. exd5 Nxg4 27. Bg1 Nf6
28. Bg2 Rc4 29. d6 Bf8 30. Qe2 e4 31. Rd4 Rxd4 32. Rxd4 Qa5 33. Bxe4 Rxd6 34.
Bc2 Rxd4 35. Bxd4 Qd5+ 36. Qg2 Qd6 37. Bb3 Qf4 38. Bxf6 Qc1+ 39. Qg1 Qxg1+ 40.
Kxg1 gxf6 41. Kf2 Bd6 42. Bd5 Bxh2 43. Ke3 Kf8 44. Kd4 Bf4 45. b4 Be5+ 46. Kc4
h5 47. a4 h4 48. a5 bxa5 49. bxa5 h3 50. Kd3 h2 51. c4 a6 52. Ke2 Bc7 53. Kf2
Bxa5 54. Kg2 Bc7 55. c5 a5 56. Kh1 a4 57. Kg2 a3 58. Kh1 Be5 59. Kg2 Ke7 60.
Kh1 Kd7 61. Kg2 Kc7 62. Bxf7 Kb7 63. Bd5+ Ka6 64. Bc4+ Ka5 0-1

[Event "VI Open Internacional Memorial Pedro Lez"]
[Site "Ateneo Municipal de Vecindario"]
[Date "2013.03.28"]
[Round "5"]
[White "Sarmiento Afonso, Santiago"]
[Black "Cruz Pino, Adrian"]
[Result "1/2-1/2"]
[WhiteElo "2141"]
[BlackElo "1986"]
[PlyCount "51"]
[EventDate "2013.03.25"]
[EventRounds "9"]
[EventCountry "ESP"]

1. e4 c5 2. Nf3 d6 3. d4 cxd4 4. Nxd4 Nf6 5. Nc3 a6 6. Bc4 e6 7. Bb3 Be7 8. g4
h6 9. Rg1 Nc6 10. Be3 Qc7 11. h4 Na5 12. g5 hxg5 13. hxg5 Nh5 14. g6 Nxb3 15.
gxf7+ Kxf7 16. axb3 Nf6 17. Qf3 Bd7 18. Qg3 Rag8 19. Qg6+ Kf8 20. Kd2 Qc8 21.
Qg2 Qe8 22. f4 Qh5 23. Raf1 Qh2 24. Rf2 Qxg2 25. Rfxg2 Rh5 26. Rg5 1/2-1/2

[Event "VI Open Internacional Memorial Pedro Lez"]
[Site "Ateneo Municipal de Vecindario"]
[Date "2013.03.28"]
[Round "5"]
[White "Ramirez Maillo, Juan Adonay"]
[Black "Lopez Colon, Francisco"]
[Result "1/2-1/2"]
[WhiteElo "1654"]
[BlackElo "2045"]
[PlyCount "70"]
[EventDate "2013.03.25"]
[EventRounds "9"]
[EventCountry "ESP"]

1. e4 d6 2. d4 Nf6 3. Nc3 g6 4. Be3 c6 5. Qd2 b5 6. Bd3 Nbd7 7. h3 Bg7 8. f4 b4
9. Nce2 a5 10. Nf3 O-O 11. O-O c5 12. c3 Bb7 13. Ng3 Qb6 14. f5 Ba6 15. Bxa6
Rxa6 16. Kh1 Qb7 17. e5 bxc3 18. bxc3 cxd4 19. cxd4 dxe5 20. dxe5 Ne8 21. Rab1
Qc7 22. Rfc1 Rc6 23. Rxc6 Qxc6 24. Qxa5 gxf5 25. Nxf5 Qe6 26. Nxg7 Nxg7 27. a4
Nf5 28. Bf4 Qc4 29. Qd2 Qxa4 30. Rb4 Qc6 31. Nd4 Qg6 32. Nxf5 Qxf5 33. Rd4 Nxe5
34. Bh6 Qb1+ 35. Kh2 Qb8 1/2-1/2

[Event "VI Open Internacional Memorial Pedro Lez"]
[Site "Ateneo Municipal de Vecindario"]
[Date "2013.03.28"]
[Round "5"]
[White "Menvielle Laccourreye, Augusto"]
[Black "Padilla Socorro, Jesus"]
[Result "1/2-1/2"]
[WhiteElo "2150"]
[BlackElo "1753"]
[PlyCount "60"]
[EventDate "2013.03.25"]
[EventRounds "9"]
[EventCountry "ESP"]

1. e4 e5 2. Nf3 Nc6 3. Bb5 d6 4. O-O Nf6 5. d4 Bd7 6. Nc3 Nxd4 7. Nxd4 exd4 8.
Qxd4 Bxb5 9. Nxb5 a6 10. e5 axb5 11. exf6 Qxf6 12. Qe4+ Be7 13. Bd2 O-O 14.
Rfe1 Rfe8 15. Bc3 Qh4 16. Qxb7 b4 17. g3 Qg5 18. h4 Qg6 19. Qxb4 Qxc2 20. Qb7
Bf6 21. Rxe8+ Rxe8 22. Qc6 Qe4 23. Qxc7 Bxc3 24. Qxc3 f5 25. Rd1 f4 26. Qb3+
Kh8 27. gxf4 Qxf4 28. Qg3 Qb4 29. Rxd6 Qxb2 30. a4 Qa1+ 1/2-1/2

[Event "VI Open Internacional Memorial Pedro Lez"]
[Site "Ateneo Municipal de Vecindario"]
[Date "2013.03.28"]
[Round "5"]
[White "Ruiz Delgado, Basilio"]
[Black "Strebkovs, Andrejs"]
[Result "0-1"]
[WhiteElo "1715"]
[BlackElo "2331"]
[PlyCount "68"]
[EventDate "2013.03.25"]
[EventRounds "9"]
[EventCountry "ESP"]

1. b3 Nf6 2. Bb2 d6 3. c4 g6 4. g3 Bg7 5. Bg2 O-O 6. Nf3 e5 7. d3 c5 8. O-O Nc6
9. Nc3 Ne8 10. e4 Kh8 11. Nd2 Nd4 12. Nd5 f5 13. Bxd4 exd4 14. exf5 gxf5 15.
Qh5 Nf6 16. Nxf6 Qxf6 17. f4 Be6 18. Bxb7 Bf7 19. Qf3 Rae8 20. Rfe1 Re3 21. Qf1
Rfe8 22. Bc6 R8e7 23. Rad1 Qe6 24. Nf3 Qc8 25. Bd5 Bh5 26. Rxe3 dxe3 27. Re1
Qf8 28. Qh3 Bg4 29. Qg2 Bc3 30. Re2 Qh6 31. Kh1 Qh5 32. Qf1 Bf6 33. Qg2 Re4 34.
Qf1 Bxf3+ 0-1

[Event "VI Open Internacional Memorial Pedro Lez"]
[Site "Ateneo Municipal de Vecindario"]
[Date "2013.03.28"]
[Round "5"]
[White "Cobo Mazorra, Alejandro"]
[Black "De La Hoz Sanchez, Ruben"]
[Result "0-1"]
[WhiteElo "1685"]
[BlackElo "1969"]
[PlyCount "78"]
[EventDate "2013.03.25"]
[EventRounds "9"]
[EventCountry "ESP"]

1. e4 Nf6 2. d3 e5 3. Nf3 Nc6 4. g3 Bc5 5. Bg2 d6 6. c3 a5 7. O-O O-O 8. h3 d5
9. exd5 Nxd5 10. Nxe5 Bxf2+ 11. Rxf2 Nxe5 12. Qh5 f5 13. Qd1 Nf6 14. Bg5 Qxd3
15. Rd2 Qxg3 16. Bxf6 gxf6 17. Rf2 Be6 18. Nd2 Rad8 19. Qe2 Rfe8 20. c4 Rd3 21.
Qh5 Red8 22. Nf1 Qg6 23. Qxg6+ hxg6 24. b3 c6 25. Re1 Rd1 26. Rxd1 Rxd1 27. Re2
Kf7 28. Kh2 f4 29. Nd2 Bf5 30. Nf3 Nxf3+ 31. Bxf3 Rd3 32. Rf2 Ke6 33. Bg2 g5
34. h4 Ke5 35. Re2+ Re3 36. Rf2 g4 37. Rd2 Re1 38. Bh1 g3+ 39. Kg2 Be4+ 0-1

[Event "VI Open Internacional Memorial Pedro Lez"]
[Site "Ateneo Municipal de Vecindario"]
[Date "2013.03.28"]
[Round "5"]
[White "Aguila Hernandez, Eduardo"]
[Black "Rodriguez Manzaneda, Irene"]
[Result "0-1"]
[WhiteElo "1871"]
[BlackElo "1720"]
[PlyCount "58"]
[EventDate "2013.03.25"]
[EventRounds "9"]
[EventCountry "ESP"]

1. e4 c5 2. Nf3 Nc6 3. d4 cxd4 4. Nxd4 Nf6 5. Nc3 e5 6. Ndb5 d6 7. Bg5 a6 8.
Na3 b5 9. Nd5 Be7 10. Bxf6 Bxf6 11. c3 O-O 12. Be2 Bg5 13. O-O g6 14. Nc2 f5
15. Bf3 Bb7 16. Qe2 Ne7 17. Nxe7+ Qxe7 18. Rfd1 d5 19. exf5 e4 20. f6 Rxf6 21.
Nd4 Raf8 22. Rf1 h5 23. Qe1 Bc8 24. a4 Rxf3 25. gxf3 Bf4 26. Ne2 Bxh2+ 27. Kxh2
Qh4+ 28. Kg2 exf3+ 29. Kg1 Qg4+ 0-1

[Event "VI Open Internacional Memorial Pedro Lez"]
[Site "Ateneo Municipal de Vecindario"]
[Date "2013.03.28"]
[Round "5"]
[White "Suarez Ramirez, Jonay"]
[Black "Fernandez De La Hoz, A Carlos"]
[Result "0-1"]
[WhiteElo "1600"]
[BlackElo "1871"]
[PlyCount "58"]
[EventDate "2013.03.25"]
[EventRounds "9"]
[EventCountry "ESP"]

1. d4 g6 2. c4 Bg7 3. Nc3 d6 4. e4 Nc6 5. Nf3 Bg4 6. Be2 Bxf3 7. Bxf3 Nxd4 8.
Be3 Nxf3+ 9. Qxf3 e6 10. O-O Ne7 11. Bg5 O-O 12. Rfd1 h6 13. Bf4 g5 14. Be3 Ng6
15. c5 Qe7 16. cxd6 cxd6 17. Bd4 f5 18. Bxg7 Kxg7 19. exf5 Rxf5 20. Qd3 d5 21.
Re1 Qf6 22. Qb5 Rf8 23. Qd7+ Rf7 24. Qxe6 Qd4 25. Qe3 Qg4 26. Nd1 Re5 27. Qd2
Nh4 28. Ne3 Rxe3 29. fxe3 Nf3+ 0-1

[Event "VI Open Internacional Memorial Pedro Lez"]
[Site "Ateneo Municipal de Vecindario"]
[Date "2013.03.28"]
[Round "5"]
[White "Saad Addin Quintana, Samir N"]
[Black "Santana Rodriguez, Jose Raul"]
[Result "1/2-1/2"]
[WhiteElo "1858"]
[BlackElo "1693"]
[PlyCount "105"]
[EventDate "2013.03.25"]
[EventRounds "9"]
[EventCountry "ESP"]

1. e4 c6 2. Nc3 d5 3. d4 dxe4 4. Nxe4 Nd7 5. Nf3 Ngf6 6. Nxf6+ Nxf6 7. c3 e6 8.
Bd3 Bd6 9. Bg5 Qc7 10. Bxf6 gxf6 11. g3 e5 12. Qe2 Bg4 13. h3 Bh5 14. Bf5 Bg6
15. Qe4 Qe7 16. O-O-O O-O 17. Rhe1 Rfe8 18. h4 exd4 19. Qg4 Qf8 20. h5 Qh6+ 21.
Kc2 Qxh5 22. Qxh5 Bxh5 23. g4 Bg6 24. Nxd4 Bf8 25. Bd3 Bxd3+ 26. Kxd3 c5 27.
Nf5 Rad8+ 28. Kc2 h6 29. Re3 Kh7 30. Rde1 Rxe3 31. Rxe3 Kg6 32. f4 h5 33. Nh4+
Kh7 34. gxh5 Rd5 35. Re8 Bd6 36. Rd8 Rxh5 37. Rxd6 Rxh4 38. Rxf6 Kg7 39. Rf5 b6
40. Kd3 Rh2 41. b3 Rxa2 42. Rh5 Kg6 43. Rh1 Kf5 44. Rf1 Rg2 45. b4 cxb4 46.
cxb4 Kg4 47. Kc4 a6 48. Ra1 Rc2+ 49. Kb3 Rc6 50. Rxa6 f5 51. Ka4 Kxf4 52. Kb5
Rf6 53. Rxb6 1/2-1/2

[Event "VI Open Internacional Memorial Pedro Lez"]
[Site "Ateneo Municipal de Vecindario"]
[Date "2013.03.28"]
[Round "5"]
[White "Julien Casteleiro, Ariel"]
[Black "Diaz Suarez, Cayetano"]
[Result "1-0"]
[WhiteElo "1586"]
[BlackElo "1848"]
[PlyCount "115"]
[EventDate "2013.03.25"]
[EventRounds "9"]
[EventCountry "ESP"]

1. d4 Nf6 2. Nc3 g6 3. e4 d6 4. Nf3 Bg7 5. Bg5 h6 6. Bxf6 Bxf6 7. e5 Bg7 8. Qd2
d5 9. Be2 b6 10. O-O e6 11. Rad1 O-O 12. Nb5 a6 13. Na3 c5 14. c3 c4 15. Nc2
Bd7 16. Ne3 Kh7 17. h3 a5 18. Ng4 b5 19. Rde1 b4 20. Bd1 h5 21. Ngh2 Bh6 22.
Qe2 Na6 23. g4 h4 24. Kh1 Bf4 25. g5 Bxg5 26. Nxg5+ Qxg5 27. Rg1 Qe7 28. Bc2
Kg7 29. Ng4 Rh8 30. Nf6 Rh6 31. Rg4 Rah8 32. Reg1 Be8 33. f4 Nb8 34. f5 exf5
35. Bxf5 Kf8 36. Nxd5 Bc6 37. Be4 Qb7 38. Nf6 Bxe4+ 39. Qxe4 Qxe4+ 40. Rxe4 Ke7
41. cxb4 axb4 42. Nd5+ Ke6 43. Nxb4 Kf5 44. Reg4 Rc8 45. Rf1+ Ke6 46. Rf6+ Ke7
47. Rgf4 Rh7 48. d5 Rc5 49. Rb6 Nd7 50. Rb7 Kd8 51. Re4 Kc8 52. Ra7 Rh5 53. e6
fxe6 54. dxe6 Nf6 55. Rf4 Rhf5 56. Rxh4 Nh5 57. e7 Rce5 58. Rxc4+ 1-0

[Event "VI Open Internacional Memorial Pedro Lez"]
[Site "Ateneo Municipal de Vecindario"]
[Date "2013.03.28"]
[Round "5"]
[White "Guerra Arrocha, Daniel"]
[Black "Guerrero Orihuela, Jose Luis"]
[Result "1-0"]
[WhiteElo "1848"]
[BlackElo "1555"]
[PlyCount "101"]
[EventDate "2013.03.25"]
[EventRounds "9"]
[EventCountry "ESP"]

1. e4 c5 2. Nf3 e6 3. d4 cxd4 4. Nxd4 a6 5. Bd3 Nf6 6. O-O d6 7. Be3 Be7 8. c4
b6 9. Nc3 Bb7 10. a4 Nbd7 11. f3 Rc8 12. a5 O-O 13. axb6 Nxb6 14. Qb3 Qc7 15.
Nxe6 fxe6 16. Bxb6 Qc6 17. Bf2 Nd7 18. Qa2 Bg5 19. b3 Nc5 20. Be2 Bf6 21. Rac1
Qb6 22. Rc2 Qb4 23. Rfc1 Bg5 24. Rb1 Bf6 25. Na4 Bc6 26. Nxc5 dxc5 27. Qxa6 Rc7
28. Be1 Bd4+ 29. Kh1 Qb7 30. Qxb7 Rxb7 31. Bc3 Bxc3 32. Rxc3 Ra8 33. Bd1 Ra3
34. h3 Kf7 35. Rcc1 Kf6 36. Ra1 Rxa1 37. Rxa1 Rd7 38. Kh2 Rd3 39. Kg3 Ke5 40.
Ra6 Kd6 41. e5+ Kc7 42. Bc2 Rc3 43. Bxh7 Rxb3 44. Ra7+ Bb7 45. Be4 Kb8 46.
Rxb7+ Rxb7 47. Bxb7 Kxb7 48. Kf4 Ka6 49. Ke4 Ka5 50. f4 Kb4 51. Kd3 1-0

[Event "VI Open Internacional Memorial Pedro Lez"]
[Site "Ateneo Municipal de Vecindario"]
[Date "2013.03.28"]
[Round "5"]
[White "Capote Robayna, Johanna"]
[Black "Baez Ruiz, Victor"]
[Result "1-0"]
[WhiteElo "1813"]
[BlackElo "1552"]
[PlyCount "63"]
[EventDate "2013.03.25"]
[EventRounds "9"]
[EventCountry "ESP"]

1. e4 c5 2. Nf3 Nc6 3. d4 cxd4 4. Nxd4 g6 5. Nc3 Bg7 6. Be3 Nf6 7. f3 d5 8. Bb5
dxe4 9. Nxc6 Qxd1+ 10. Rxd1 O-O 11. Nxe7+ Kh8 12. Nxc8 Rfxc8 13. O-O exf3 14.
Rxf3 a6 15. Ba4 Rd8 16. Bd4 Ng4 17. Bxg7+ Kxg7 18. Rfd3 Rxd3 19. Rxd3 b5 20.
Bb3 Re8 21. Rd1 b4 22. Nd5 a5 23. h3 Ne5 24. Kf1 Ra8 25. Nb6 Ra6 26. Rd6 Ra7
27. Rd5 f6 28. Ba4 Ra6 29. Rd6 Nf7 30. Rc6 Ne5 31. Rc7+ Kh8 32. Rb7 1-0

[Event "VI Open Internacional Memorial Pedro Lez"]
[Site "Ateneo Municipal de Vecindario"]
[Date "2013.03.28"]
[Round "5"]
[White "Cruz Ramirez, Nauzet"]
[Black "Quevedo Sarmiento, Jacinto"]
[Result "1-0"]
[WhiteElo "1778"]
[BlackElo "1532"]
[PlyCount "69"]
[EventDate "2013.03.25"]
[EventRounds "9"]
[EventCountry "ESP"]

1. d4 Nf6 2. c4 g6 3. Nc3 Bg7 4. e4 d6 5. Nf3 O-O 6. Be2 e5 7. O-O Nc6 8. d5
Ne7 9. b4 Nh5 10. Re1 f5 11. Bf1 f4 12. c5 b6 13. a4 a5 14. bxa5 bxc5 15. a6
Bf6 16. Bd2 Bxa6 17. Bxa6 Rxa6 18. Qe2 Qa8 19. Nb5 Rxa4 20. Nxc7 Qa7 21. Nb5
Qa8 22. Rxa4 Qxa4 23. Nxd6 Rb8 24. Nc4 Ng7 25. Nfxe5 Bxe5 26. Nxe5 Rb2 27. d6
Nc6 28. Nxc6 Qxc6 29. Qc4+ Kf8 30. Bxf4 Rb4 31. Qd3 Rd4 32. Qf3 Ke8 33. Be5 Ne6
34. Bxd4 Nxd4 35. Qf6 1-0

[Event "VI Open Internacional Memorial Pedro Lez"]
[Site "Ateneo Municipal de Vecindario"]
[Date "2013.03.28"]
[Round "5"]
[White "Lorenzo Perez, Raul"]
[Black "Amador Garcia, Ismael"]
[Result "1/2-1/2"]
[WhiteElo "1745"]
[BlackElo "1418"]
[PlyCount "111"]
[EventDate "2013.03.25"]
[EventRounds "9"]
[EventCountry "ESP"]

1. d4 Nf6 2. Nf3 g6 3. c4 Bg7 4. Nc3 O-O 5. e4 d6 6. Be2 e5 7. O-O Nc6 8. d5
Ne7 9. Ne1 Nd7 10. Be3 f5 11. f3 f4 12. Bf2 g5 13. b4 Ng6 14. c5 Rf7 15. cxd6
cxd6 16. Nb5 Nf6 17. a4 a6 18. Nc3 h5 19. b5 a5 20. Rc1 g4 21. Nd3 Bf8 22. Kh1
Rg7 23. Re1 Ne7 24. Bg1 g3 25. h3 Ng6 26. Bf1 Nh4 27. Rc2 Qd7 28. Ree2 Nh7 29.
Ne1 Ng5 30. Red2 Nxg2 31. Bxg2 Nxh3 32. Qe2 h4 33. Nd1 Nxg1 34. Kxg1 h3 35. Bh1
g2 36. Bxg2 hxg2 37. Nxg2 Qh3 38. Qf1 Qg3 39. Qf2 Qh3 40. Kf1 Rg3 41. Rd3 Qh2
42. Qg1 Qxg1+ 43. Kxg1 Bh3 44. Rf2 Rc8 45. Rc3 Rxc3 46. Nxc3 b6 47. Ne2 Rg5 48.
Kh2 Rh5 49. Kg1 Be7 50. Nc1 Rh6 51. Rc2 Rg6 52. Kh2 Rg3 53. Rf2 Kf7 54. Ne2
Rxg2+ 55. Rxg2 Bxg2 56. Kxg2 1/2-1/2

[Event "VI Open Internacional Memorial Pedro Lez"]
[Site "Ateneo Municipal de Vecindario"]
[Date "2013.03.28"]
[Round "5"]
[White "Gonzalez Ortega, Pino"]
[Black "Monteiro Rodrigues, Carlos"]
[Result "1-0"]
[WhiteElo "1344"]
[BlackElo "1570"]
[PlyCount "118"]
[EventDate "2013.03.25"]
[EventRounds "9"]
[EventCountry "ESP"]

1. d4 Nf6 2. c4 e5 3. dxe5 Ne4 4. a3 d6 5. Nf3 Nc6 6. exd6 Bxd6 7. e3 Bg4 8.
Be2 O-O 9. Nbd2 Nxd2 10. Bxd2 Bxf3 11. Bxf3 Ne5 12. Be2 Qh4 13. b3 Qe4 14. O-O
Qh4 15. g3 Qe7 16. b4 c5 17. b5 Rad8 18. Bc3 Bc7 19. Qc2 Ng6 20. Rab1 b6 21.
Bf3 Qg5 22. Bd5 Rfe8 23. Bc6 Re6 24. Bd5 Re7 25. Qb2 Be5 26. Bxe5 Qxe5 27. Qxe5
Nxe5 28. Rbd1 Red7 29. Rc1 Kf8 30. Rc3 Ke7 31. Kg2 f6 32. e4 Rd6 33. Rd1 g5 34.
Rdc1 h5 35. f4 gxf4 36. gxf4 Ng6 37. Rf1 Rh8 38. Rg3 Rh6 39. f5 Ne5 40. Rg7+
Kf8 41. Rxa7 Rd7 42. Rxd7 Nxd7 43. Rf3 Rh7 44. Kh3 Ne5 45. Rg3 Ng4 46. Kg2 Rg7
47. Kh3 Rg5 48. Kh4 Nxh2 49. Rxg5 Nf3+ 50. Kxh5 Nxg5 51. Kg6 Ke7 52. e5 Kf8 53.
exf6 Nh3 54. f7 Nf2 55. Kf6 Nd3 56. Ke6 Nb2 57. Kd7 Na4 58. Kc6 Ke7 59. f8=Q+
Kxf8 1-0

[Event "VI Open Internacional Memorial Pedro Lez"]
[Site "Ateneo Municipal de Vecindario"]
[Date "2013.03.28"]
[Round "5"]
[White "Roque Hernandez, Francisco"]
[Black "Diaz Martin, Carolina"]
[Result "1/2-1/2"]
[WhiteElo "1531"]
[BlackElo "1393"]
[PlyCount "51"]
[EventDate "2013.03.25"]
[EventRounds "9"]
[EventCountry "ESP"]

1. e4 e5 2. f4 Nc6 3. Nf3 d6 4. Bc4 Be7 5. O-O f5 6. fxe5 fxe4 7. exd6 Qxd6 8.
Bf7+ Kd8 9. Ne1 Nf6 10. Nc3 Be6 11. Bxe6 Qxe6 12. d3 exd3 13. Nxd3 Bd6 14. Nc5
Qe5 15. Nxb7+ Kc8 16. Nxd6+ Qxd6 17. Qf3 Kb7 18. Bf4 Qd7 19. a4 Rac8 20. Rad1
Qg4 21. Qd3 Qh5 22. Ne2 Rcd8 23. Qb3+ Kc8 24. Qe6+ Kb7 25. Qb3+ Kc8 26. Qe6+
1/2-1/2

[Event "VI Open Internacional Memorial Pedro Lez"]
[Site "Ateneo Municipal de Vecindario"]
[Date "2013.03.28"]
[Round "5"]
[White "Gutierrez Garcia, Inmaculada"]
[Black "Biscarri Candalia, Oscar"]
[Result "0-1"]
[WhiteElo "1352"]
[BlackElo "1537"]
[PlyCount "36"]
[EventDate "2013.03.25"]
[EventRounds "9"]
[EventCountry "ESP"]

1. e4 c5 2. Nf3 d6 3. Nc3 Nc6 4. Bc4 e6 5. O-O Nf6 6. Re1 g6 7. b3 Na5 8. Bb5+
Bd7 9. e5 dxe5 10. Nxe5 Bxb5 11. Nxb5 a6 12. Nc3 Bg7 13. Bb2 O-O 14. Ne4 Rc8
15. Ba3 b6 16. b4 Nxe4 17. Rxe4 Bxe5 18. Rxe5 Nc4 {Ilegible} 0-1

[Event "VI Open Internacional Memorial Pedro Lez"]
[Site "Ateneo Municipal de Vecindario"]
[Date "2013.03.29"]
[Round "6"]
[White "Rodriguez Ferraz, Borja"]
[Black "Bergez, Luc"]
[Result "0-1"]
[WhiteElo "2196"]
[BlackElo "2375"]
[PlyCount "72"]
[EventDate "2013.03.25"]
[EventRounds "9"]
[EventCountry "ESP"]

1. Nf3 Nf6 2. b3 g6 3. Bb2 Bg7 4. e3 O-O 5. Be2 d6 6. d4 Nbd7 7. O-O Qe8 8. Na3
a6 9. Nc4 b6 10. Ne1 Bb7 11. Bf3 d5 12. Nd2 e5 13. dxe5 Nxe5 14. Nd3 Nxf3+ 15.
Nxf3 c5 16. Rc1 a5 17. Nf4 Qe4 18. Re1 a4 19. Qd3 axb3 20. axb3 Ra2 21. Ba1
Qxd3 22. cxd3 Rfa8 23. Rb1 h6 24. h4 Ng4 25. Bxg7 Kxg7 26. Nh3 R8a3 27. Red1
Bc8 28. Rf1 Rc2 29. Nf4 Raa2 30. Nxd5 Bb7 31. e4 Bxd5 32. exd5 Nxf2 33. d6 Ng4
34. Rbe1 Nf6 35. Re7 Rxg2+ 36. Kh1 Nh5 0-1

[Event "VI Open Internacional Memorial Pedro Lez"]
[Site "Ateneo Municipal de Vecindario"]
[Date "2013.03.29"]
[Round "6"]
[White "Gutierrez Olivares, Daniel"]
[Black "Alvarado Diaz, Alejandro"]
[Result "1/2-1/2"]
[WhiteElo "2367"]
[BlackElo "2251"]
[PlyCount "60"]
[EventDate "2013.03.25"]
[EventRounds "9"]
[EventCountry "ESP"]

1. c4 c5 2. Nf3 Nc6 3. d4 cxd4 4. Nxd4 Nf6 5. Nc3 g6 6. e4 d6 7. Be2 Bg7 8. Be3
Bd7 9. Nb3 a5 10. a4 O-O 11. O-O Nb4 12. f4 Bc6 13. Bf3 Nd7 14. Nd4 Nc5 15. Qe2
Bxd4 16. Bxd4 Nb3 17. Rad1 Nxd4 18. Rxd4 Qb6 19. Qf2 Qc5 20. Rfd1 f5 21. e5
Bxf3 22. Qxf3 dxe5 23. fxe5 Rad8 24. Qf2 Rxd4 25. Qxd4 Qxd4+ 26. Rxd4 Nc6 27.
Rd7 Nxe5 28. Rxe7 Nxc4 29. Rxb7 Rd8 30. b3 Rd3 1/2-1/2

[Event "VI Open Internacional Memorial Pedro Lez"]
[Site "Ateneo Municipal de Vecindario"]
[Date "2013.03.29"]
[Round "6"]
[White "Martinez Ramirez, Erik"]
[Black "Espinoza Palomino, Willyam"]
[Result "1/2-1/2"]
[WhiteElo "2302"]
[BlackElo "2284"]
[PlyCount "53"]
[EventDate "2013.03.25"]
[EventRounds "9"]
[EventCountry "ESP"]

1. e4 e5 2. Nf3 Nc6 3. d4 exd4 4. Nxd4 Nf6 5. Nc3 Bb4 6. Nxc6 bxc6 7. Bd3 d5 8.
exd5 Qe7+ 9. Qe2 Qxe2+ 10. Kxe2 cxd5 11. Nb5 Kd8 12. Bg5 Re8+ 13. Kd1 h6 14.
Bxf6+ gxf6 15. Nd4 Bc5 16. c3 Bd7 17. Kc2 c6 18. Rhe1 Kc7 19. f3 h5 20. g3 Rxe1
21. Rxe1 Rh8 22. Bf5 h4 23. g4 h3 24. Bxd7 Kxd7 25. Re2 Bd6 26. Nf5 Bf4 27. Ng7
1/2-1/2